[Event "Saarlouis op 7th"]
[Site "Saarlouis"]
[Date "2004.05.22"]
[Round "6"]
[White "Marx, Lukas"]
[Black "Imcke, Patrick"]
[Result "1-0"]
[WhiteElo "1000"]
[BlackElo "1000"]
[PlyCount "69"]
[EventDate "2004.05.19"]
[EventType "swiss"]
[EventRounds "7"]
[EventCountry "GER"]
[SourceTitle "EXT 2006"]
[Source "ChessBase"]
[SourceDate "2005.11.24"]
[SourceVersion "1"]
[SourceVersionDate "2005.11.24"]
[SourceQuality "1"]

1. e4 e5 2. Nf3 Nc6 3. Bb5 d6 4. Bxc6+ bxc6 5. Nc3 Nf6 6. d3 Bg4 7. h3 Bxf3 8. Qxf3 d5 9. Bg5 dxe4 10. Nxe4 Be7 11. Bxf6 gxf6 12. 0-0 Rb8 13. b3 c5 14. Nxc5 Bxc5 15. Qc6+ Qd7 16. Qxc5 Ra8 17. Rfe1 Qd6 18. Qe3 Rf8 19. d4 Kd7 20. dxe5 Qxe5 21. Qd3+ Qd6 22. Qxh7 Rfe8 23. Red1 Qxd1+ 24. Rxd1+ Kc8 25. Qf5+ Kb8 26. Qxf6 Kb7 27. Kf1 Kb8 28. Rd4 Kb7 29. Rb4+ Kc8 30. Qc6 Re6 31. Qxa8+ Kd7 32. Qf8 Re8 33. Qxf7+ Re7 34. Qd5+ Ke8 35. Rb8# 1-0

[Event "Saarlouis op 7th"]
[Site "Saarlouis"]
[Date "2004.05.21"]
[Round "4"]
[White "Diwo, Michael"]
[Black "Marx, Lukas"]
[Result "1-0"]
[WhiteElo "1585"]
[BlackElo "1000"]
[PlyCount "71"]
[EventDate "2004.05.19"]
[EventType "swiss"]
[EventRounds "7"]
[EventCountry "GER"]
[SourceTitle "EXT 2006"]
[Source "ChessBase"]
[SourceDate "2005.11.24"]
[SourceVersion "1"]
[SourceVersionDate "2005.11.24"]
[SourceQuality "1"]

1. Nf3 Nc6 2. b3 e5 3. d3 h6 4. Bb2 d6 5. g3 Nf6 6. Bg2 Be7 7. c4 Be6 8. Nc3 d5 9. cxd5 Nxd5 10. 0-0 Bf6 11. Ne4 0-0 12. Nxf6+ Qxf6 13. a3 Nb6 14. b4 Rad8 15. Qc2 Rd7 16. b5 Nd4 17. Nxd4 exd4 18. Bxb7 Bd5 19. Bxd5 Nxd5 20. e3 Qf3 21. Bxd4 Nb6 22. Rfc1 Qh5 23. Qb2 f6 24. Rc6 Rc8 25. Rac1 Rd5 26. Qa2 Kh7 27. a4 Qh3 28. Bxb6 Rh5 29. f4 axb6 30. Qg2 Qd7 31. Qe4+ Kg8 32. Qe6+ Qxe6 33. Rxe6 Rd5 34. d4 Kf7 35. Rxb6 Rd7 36. Rbc6 1-0

[Event "Saarlouis op 7th"]
[Site "Saarlouis"]
[Date "2004.05.20"]
[Round "2"]
[White "Liesenfeld, Holger"]
[Black "Marx, Lukas"]
[Result "1-0"]
[WhiteElo "1665"]
[BlackElo "1000"]
[PlyCount "55"]
[EventDate "2004.05.19"]
[EventType "swiss"]
[EventRounds "7"]
[EventCountry "GER"]
[SourceTitle "EXT 2006"]
[Source "ChessBase"]
[SourceDate "2005.11.24"]
[SourceVersion "1"]
[SourceVersionDate "2005.11.24"]
[SourceQuality "1"]

1. b3 e5 2. e3 Nc6 3. Bb2 g6 4. Bb5 Bg7 5. Bxc6 bxc6 6. Ne2 Ne7 7. f4 f6 8. 0-0 0-0 9. Ng3 d6 10. Qf3 d5 11. d3 Qd6 12. Nd2 exf4 13. Qxf4 Qxf4 14. Rxf4 g5 15. Rf2 Ng6 16. Raf1 Be6 17. Nh5 Rf7 18. Nxg7 Rxg7 19. Rxf6 Re7 20. Bd4 Bd7 21. Nf3 Rf8 22. Rxf8+ Nxf8 23. Nxg5 Ne6 24. Nxe6 Bxe6 25. Bxa7 Rg7 26. Bc5 Rf7 27. Rxf7 Kxf7 28. a4 1-0